000 00450nam a2200181Ia 4500
005 20250123032808.0
008 240331s9999 xx 000 0 und d
020 _a9559530704
082 _bDES
_a920
100 _aDe Silva, A
245 0 _apagoda house :
_brecollections ofchildhood
260 _aColombo
_bAlfreda De Silva
_c1990
300 _aVii, 94 p .,
650 _aPoetry
650 _aShort Stories
650 _aanthologies
942 _cL
999 _c3443
_d3443